| 000 | 00411nam a2200157Ia 4500 | ||
|---|---|---|---|
| 008 | 230917s9999||||xx |||||||||||||| ||und|| | ||
| 020 | _cRS225 | ||
| 040 |
_e8552 _aMAIN |
||
| 041 | _aEnglish | ||
| 082 | _a327.116 L55A | ||
| 100 | _aKhil, Young Whan, ed. | ||
| 245 | 0 | _aAsian-Pacific security: Emerging challenges and responses | |
| 260 |
_aNew Delhi _bArchives _c1987 |
||
| 300 | _axvi, 282 p. | ||
| 942 | _cBK | ||
| 999 |
_c59308 _d59308 |
||